| 000 | 00561nam a22001217a 4500 | ||
|---|---|---|---|
| 040 | _cRUA | ||
| 100 | _aPEY DIVOEURN,ពៃ ឌីវឿន | ||
| 245 | _aGASTROINTESTINAL PARASITES IN CATTLE AT ANGKORCHEY DISTRICT,KAMPOT PROVINCE,បរាសិតក្នុងក្រពះពោះវៀនគោនៅស្រុកអង្គរជ័យ ខេត្តកំពត | ||
| 260 |
_aphnom penh _brua _c2019 |
||
| 300 |
_ax.48p. _bill. _c29cm. |
||
| 856 | _uhttps://drive.google.com/file/d/1BJAs8LE_8IRhzMSGO01BIg9L7La7qjAS/view?usp=share_link | ||
| 942 | _cVEM | ||
| 999 |
_c20393 _d20393 |
||